Parole civili e Ulzana

Đã lưu trong:
Chi tiết về thư mục
Tác giả chính: Brollo, Boris
Định dạng: Sách
Ngôn ngữ:Tiếng Anh
Được phát hành: Padova
Các nhãn: Thêm thẻ
Không có thẻ, Là người đầu tiên thẻ bản ghi này!

MARC

LEADER 00000nam a2200000 4500
001 CDOM0000003796
003 mi
005 20250929143458.0
008 250929b |||||||| |||| 00| 0 eng d
040 |c mi 
100 |a Brollo, Boris 
245 1 |a Parole civili e Ulzana  
260 |a Padova 
942 |2 ddc  |c BK 
952 |0 0  |1 0  |2 ddc  |4 0  |7 0  |9 7005  |a MI  |b MI  |d 2009-08-31  |i 5527  |l 0  |p CDOM5527  |r 2025-07-13 16:28:00  |w 2025-07-13  |x ACQUISTO  |y BK 
999 |c 5721  |d 5721